[Event "ch-RUS Rapid Women 2017"]
[Site "Sochi RUS"]
[Date "2017.09.30"]
[Round "2.6"]
[White "Semenova, Elena1"]
[Black "Girya, Olga"]
[Result "0-1"]
[WhiteTitle "WIM"]
[BlackTitle "WGM"]
[WhiteElo "2284"]
[BlackElo "2505"]
[WhiteFideId "24125148"]
[BlackFideId "4195752"]
[EventDate "2017.09.30"]

1. e4 c6 2. d4 d5 3. e5 Bf5 4. h4 a6 5. g4 Bd7 6. Nc3 e6 7. Na4 c5 8. Nxc5 Bxc5
9. dxc5 Qa5+ 10. c3 Qxc5 11. Be3 Qc7 12. f4 Nc6 13. Nf3 h5 14. g5 Nge7 15. Bd3
g6 16. Rc1 Rc8 17. Qd2 O-O 18. O-O Rfd8 19. Qf2 Re8 20. Rfd1 b5 21. Nd4 Nxd4 22.
cxd4 Qa5 23. a3 Rc4 24. b3 Rxc1 25. Bxc1 Rc8 26. Bb2 Nf5 27. Bxf5 exf5 28. Rc1
Rxc1+ 29. Bxc1 Qc3 30. Qe3 Qc2 31. Bd2 Be6 32. Be1 Qd1 33. Kh2 Kh7 34. b4 Qc2+
35. Qd2 Qe4 36. Bf2 Bd7 37. Qe3 Qc2 38. Kg1 Kg7 39. Be1 Be6 40. Bf2 Kf8 41. Be1
Ke8 42. Qc3 Qe4 43. Bg3 Kf8 44. Kh2 Kg7 45. Qc1 Qxd4 46. Be1 Kh7 47. Qd2 Qa1 48.
Qc3 Qa2+ 49. Kg1 Qe2 50. Bf2 Qg4+ 51. Qg3 Qd1+ 52. Kh2 d4 53. Be1 Bd5 54. Qf2
Qd3 55. Qg3 Qe4 56. Qf2 Qh1+ 57. Kg3 Bg2 58. Qxd4 Qh3+ 59. Kf2 Qf3+ 60. Kg1 Qf1+
61. Kh2 Qh1+ 62. Kg3 Qh3+ 63. Kf2 Qxh4+ 64. Kxg2 Qxe1 65. Qa7 Qe2+ 66. Kg1 Qg4+
67. Kh1 Qf3+ 68. Kg1 Qd1+ 69. Kh2 Qd2+ 70. Kg1 Kg7 71. Qxa6 Qxf4 72. Qf6+ Kg8
73. Qd8+ Kh7 74. Qf6 Qc4 75. Qe7 Qe6 76. Qb7 Qe8 77. Qc7 Kg7 78. Kf2 Qe6 79. Qc5
Qa2+ 80. Kg1 Qe2 81. Qe7 Qe3+ 82. Kh2 Qxa3 83. Qf6+ Kg8 84. Qd8+ Kh7 85. Qe8
Qa2+ 86. Kg3 Qd5 87. Qe7 Qe6 88. Qc7 Kg7 89. Qc5 Qb3+ 90. Kg2 f4 91. Qd4 Qg3+
92. Kf1 Qf3+ 93. Kg1 Qe3+ 0-1

[Event "ch-RUS Rapid Women 2017"]
[Site "Sochi RUS"]
[Date "2017.09.30"]
[Round "2.7"]
[White "Vasilevich, Tatjana"]
[Black "Travkina, Anastasia"]
[Result "1/2-1/2"]
[WhiteTitle "IM"]
[BlackTitle "WFM"]
[WhiteElo "2360"]
[BlackElo "2221"]
[WhiteFideId "14101610"]
[BlackFideId "24129151"]
[EventDate "2017.09.30"]

1. d4 d5 2. c4 c6 3. Nf3 Nf6 4. e3 Bf5 5. Nc3 e6 6. Nh4 Be4 7. f3 Bg6 8. Qb3 Qc7
9. Nxg6 hxg6 10. g3 Bd6 11. f4 Nbd7 12. Bg2 Be7 13. cxd5 exd5 14. Qc2 Nb6 15. a3
a5 16. b3 Qd7 17. O-O Nc8 18. Na4 Qf5 19. Ra2 Nd6 20. Nc5 Nfe4 21. Nxe4 Nxe4 22.
Bxe4 1/2-1/2

[Event "ch-RUS Rapid Women 2017"]
[Site "Sochi RUS"]
[Date "2017.09.30"]
[Round "2.8"]
[White "Gritsayeva, Oksana"]
[Black "Shaydullina, Sandugach"]
[Result "1-0"]
[WhiteTitle "WFM"]
[BlackTitle "WGM"]
[WhiteElo "2373"]
[BlackElo "2185"]
[WhiteFideId "14104652"]
[BlackFideId "4140389"]
[EventDate "2017.09.30"]

1. c4 f5 2. d3 Nf6 3. Nc3 e5 4. Nf3 Nc6 5. e4 Bb4 6. Bd2 f4 7. Be2 O-O 8. a3 Be7
9. Nd5 d6 10. Bc3 Kh8 11. Qc2 Bg4 12. h3 Bxf3 13. Bxf3 g5 14. O-O-O a5 15. Bg4
Nxd5 16. cxd5 Nd4 17. Bxd4 exd4 18. Kb1 Bf6 19. Rc1 Rf7 20. Qc4 Ra6 21. Ka2 Re7
22. g3 c6 23. h4 c5 24. hxg5 Bxg5 25. Rh5 Rg7 26. Rch1 fxg3 27. fxg3 Ra8 28. Bf5
h6 29. Rxh6+ Bxh6 30. Rxh6+ Kg8 31. Be6+ Rf7 32. Qc1 Kg7 33. Bxf7 Kxf7 34. Rh7+
Kg8 35. Qh6 1-0

[Event "ch-RUS Rapid Women 2017"]
[Site "Sochi RUS"]
[Date "2017.09.30"]
[Round "2.9"]
[White "Belova, Olga"]
[Black "Ambartsumova, Karina"]
[Result "0-1"]
[WhiteTitle "WFM"]
[BlackTitle "WGM"]
[WhiteElo "2096"]
[BlackElo "2359"]
[WhiteFideId "4138422"]
[BlackFideId "4166299"]
[EventDate "2017.09.30"]

1. d4 Nf6 2. Nc3 d5 3. Bf4 g6 4. h4 Bg7 5. e3 c6 6. h5 Nxh5 7. Rxh5 gxh5 8. Qxh5
Nd7 9. Bd3 Nf6 10. Qh4 Be6 11. Nf3 h6 12. Be5 Qb6 13. O-O-O O-O-O 14. Kb1 Qa5
15. Nd2 Rdg8 16. Nb3 Qd8 17. Nc5 Nd7 18. Nxe6 fxe6 19. Bg3 e5 20. Bf5 e6 21.
Bxe6 Qxh4 22. Bxh4 Re8 23. Bf7 Ref8 24. Be6 exd4 25. exd4 Rf4 26. Bg3 Rxd4 27.
Re1 Re8 28. a3 Rg4 29. Re2 Rg6 30. Bh3 Rxe2 31. Nxe2 Bf6 32. Nf4 Rg8 33. Nd3 Kd8
34. Bf4 h5 35. g3 h4 36. b4 hxg3 37. Bxg3 Rh8 38. Nf4 Be5 39. Ng6 Rxh3 40. Bxe5
Rh6 0-1

[Event "ch-RUS Rapid Women 2017"]
[Site "Sochi RUS"]
[Date "2017.09.30"]
[Round "2.10"]
[White "Ubiennykh, Ekaterina"]
[Black "Kabanova, Ekaterina"]
[Result "1-0"]
[WhiteTitle "WIM"]
[BlackTitle "WFM"]
[WhiteElo "2308"]
[BlackElo "2205"]
[WhiteFideId "4137582"]
[BlackFideId "24112917"]
[EventDate "2017.09.30"]

1. d4 c5 2. d5 e5 3. Nc3 a6 4. a4 d6 5. e4 Ne7 6. h4 h5 7. Be2 g6 8. Nh3 Bxh3 9.
Rxh3 Nd7 10. Bd2 Bg7 11. Kf1 Nf6 12. Rb1 Qd7 13. b4 cxb4 14. Rxb4 O-O 15. Qb1
Rfb8 16. a5 Qc7 17. Na4 Qxa5 18. Nb6 Nxe4 19. Rxe4 Qxd2 20. Rd3 Qa5 21. Ra4 Qc5
22. Rc4 Qb5 23. Rb3 Qe8 24. Nxa8 Rxa8 25. Rxb7 Nxd5 26. Bf3 Qe6 27. Qb3 Rf8 28.
Ra4 Nf4 29. Qxe6 Nxe6 30. Rab4 Nc5 31. Rb8 Rxb8 32. Rxb8+ Bf8 33. Bd5 Kg7 34.
Ra8 Be7 35. g3 f5 36. Ra7 Kf6 37. Ke2 e4 38. Bc4 a5 39. Rxa5 Ke5 40. Bf7 g5 41.
hxg5 Bxg5 42. Bxh5 f4 43. Ra8 fxg3 44. fxg3 d5 45. Re8+ Kd4 46. Bf7 e3 47. Bg6
Na4 48. Bd3 Nc3+ 49. Kf3 Nd1 50. Rg8 Bf6 51. g4 Nf2 52. Be2 Nh3 53. Bd3 Nf2 54.
g5 Be5 55. Re8 Nh3 56. g6 Ng5+ 57. Kg4 Ne4 58. Kf3 Ng5+ 59. Ke2 Bf6 60. Rc8 Ne6
61. c3+ Ke5 62. Kxe3 d4+ 63. cxd4+ Nxd4 64. Re8+ Kd6 65. Bc4 Kd7 66. Ra8 Nf5+
67. Kf4 Ne7 68. Bf7 Kd6 69. Ra6+ Nc6 70. Be8 Ke7 71. Bxc6 Kf8 72. Kf5 Bc3 73.
Ra7 Kg8 74. g7 Kh7 75. g8=Q+ Kxg8 76. Kg6 Kf8 77. Rf7+ Kg8 78. Bd5 1-0

[Event "ch-RUS Rapid Women 2017"]
[Site "Sochi RUS"]
[Date "2017.09.30"]
[Round "2.11"]
[White "Gubernatorova, Lyudmila"]
[Black "Charochkina, Daria"]
[Result "0-1"]
[BlackTitle "IM"]
[WhiteElo "2200"]
[BlackElo "2339"]
[WhiteFideId "4123840"]
[BlackFideId "4180917"]
[EventDate "2017.09.30"]

1. d4 d5 2. c4 c6 3. Nf3 Nf6 4. Nc3 e6 5. e3 Nbd7 6. Bd3 dxc4 7. Bxc4 b5 8. Bd3
Bd6 9. O-O O-O 10. b3 Bb7 11. Bb2 Qe7 12. a4 a6 13. Ne4 Nxe4 14. Bxe4 f5 15. Bd3
Nf6 16. Rc1 Rad8 17. Qe2 Nd5 18. Bb1 g5 19. g3 g4 20. Nh4 Nf6 21. e4 fxe4 22.
Bxe4 Qd7 23. Rfe1 Rde8 24. Bb1 Bb8 25. Rc5 Ba7 26. Rg5+ Kh8 27. d5 cxd5 28. Qxg4
d4 29. Qh3 Rg8 30. Ng6+ Rxg6 31. Bxg6 Qc6 32. Kf1 Qh1+ 33. Ke2 Qf3+ 34. Kd2 Qxb3
35. Rb1 Qb4+ 36. Kd1 Bf3+ 37. Kc1 Rc8+ 38. Bc2 Qe1# 0-1

[Event "ch-RUS Rapid Women 2017"]
[Site "Sochi RUS"]
[Date "2017.09.30"]
[Round "2.12"]
[White "Drozdova, Dina"]
[Black "Kharmunova, Nadezhda"]
[Result "1-0"]
[WhiteTitle "WIM"]
[BlackTitle "WIM"]
[WhiteElo "2223"]
[BlackElo "2199"]
[WhiteFideId "4170695"]
[BlackFideId "4195876"]
[EventDate "2017.09.30"]

1. d4 Nf6 2. Nf3 e6 3. g3 b6 4. Bg2 Bb7 5. O-O Be7 6. c4 O-O 7. Nc3 Ne4 8. Qc2
d5 9. Be3 Nd7 10. Rad1 f5 11. Ne1 Ndf6 12. f3 Nd6 13. cxd5 Nxd5 14. Nxd5 exd5
15. Nd3 Nc4 16. Bf2 Rc8 17. b3 Na3 18. Qc1 Ba6 19. Rfe1 Bxd3 20. Rxd3 Bb4 21.
Red1 Qe7 22. Re3 Qf6 23. Re5 Bd6 24. Re3 c5 25. Red3 c4 26. bxc4 Rxc4 27. Qb2
Rc2 28. Qb3 Rxe2 29. Qxd5+ Kh8 30. Rc3 Rd8 31. Qb7 Qe7 32. Qxe7 Rxe7 33. Rdc1 f4
34. Rc8 Ree8 35. Rxd8 Rxd8 36. Bf1 b5 37. Rc6 a5 38. d5 fxg3 39. hxg3 b4 40. Bb6
Rb8 41. Rxd6 Kg8 42. Bxa5 Kf7 43. Rd7+ Kf6 44. Ra7 Nc2 45. d6 Ra8 1-0

[Event "ch-RUS Rapid Women 2017"]
[Site "Sochi RUS"]
[Date "2017.09.30"]
[Round "2.13"]
[White "Komiagina, Maria"]
[Black "Tomilova, Elena"]
[Result "1/2-1/2"]
[WhiteTitle "WIM"]
[BlackTitle "WIM"]
[WhiteElo "2234"]
[BlackElo "2307"]
[WhiteFideId "4153987"]
[BlackFideId "4162340"]
[EventDate "2017.09.30"]

1. e4 e6 2. d4 d5 3. e5 c5 4. c3 Nc6 5. Nf3 Qb6 6. a3 f6 7. Be2 fxe5 8. Nxe5 Nf6
9. O-O cxd4 10. Nxc6 bxc6 11. cxd4 Bd6 12. Nc3 O-O 13. b4 a5 14. Rb1 axb4 15.
axb4 Qc7 16. h3 e5 17. Be3 Bf5 18. Rc1 Qe7 19. b5 cxb5 20. Nxb5 Bb8 21. Qb3 exd4
22. Nxd4 Qd6 23. Nf3 Ra3 24. Qb6 Qxb6 25. Bxb6 Ra2 26. Rfe1 Ne4 27. Be3 Bg6 28.
Ra1 Rxa1 1/2-1/2

[Event "ch-RUS Rapid Women 2017"]
[Site "Sochi RUS"]
[Date "2017.09.30"]
[Round "2.14"]
[White "Bivol, Alina"]
[Black "Yakimova, Mariya"]
[Result "1-0"]
[WhiteTitle "WGM"]
[WhiteElo "2375"]
[BlackElo "1736"]
[WhiteFideId "4100123"]
[BlackFideId "34188859"]
[EventDate "2017.09.30"]

1. Nf3 Nf6 2. g3 e6 3. Bg2 Be7 4. d4 O-O 5. c4 b6 6. O-O Bb7 7. Nc3 Ne4 8. Qc2
Nxc3 9. Qxc3 Bf6 10. Bf4 c5 11. Be5 cxd4 12. Bxd4 d5 13. Bxf6 Qxf6 14. Qxf6 gxf6
15. Nd4 Rd8 16. Rac1 Nc6 17. Nb5 dxc4 18. Rxc4 Ne5 19. Bxb7 Nxc4 20. Bxa8 Rxa8
21. b3 Ne5 22. f4 Ng4 23. h3 Ne3 24. Rc1 a6 25. Nd6 Rd8 26. Rc6 Nd5 27. e4 Nb4
28. Rxb6 Nxa2 29. Rxa6 Nc3 30. e5 fxe5 31. fxe5 Ne2+ 32. Kf2 Nd4 33. Rb6 Ra8 34.
Rb7 Ra3 35. Nxf7 Rxb3 36. Nh6+ Kh8 37. Rf7 Nc6 38. Ng4 Rb5 39. Nf6 Rxe5 40.
Rxh7# 1-0

[Event "ch-RUS Rapid Women 2017"]
[Site "Sochi RUS"]
[Date "2017.09.30"]
[Round "2.15"]
[White "Potapova, Margarita"]
[Black "Fairuzova, Zulfiiya"]
[Result "1-0"]
[WhiteTitle "WFM"]
[WhiteElo "2187"]
[BlackElo "1714"]
[WhiteFideId "14126869"]
[BlackFideId "34107654"]
[EventDate "2017.09.30"]

1. d4 Nf6 2. c4 e6 3. Nf3 b6 4. a3 Bb7 5. Nc3 Be7 6. d5 d6 7. e4 e5 8. Bd3 a5 9.
O-O O-O 10. Rb1 Nbd7 11. b4 Re8 12. h3 Nf8 13. Be3 Ng6 14. c5 Ba6 15. Bxa6 Rxa6
16. Qd3 Ra8 17. cxb6 cxb6 18. bxa5 bxa5 19. Bb6 Qd7 20. Rfc1 Nf4 21. Qf1 Rec8
22. Kh2 h6 23. g3 Ng6 24. a4 Bd8 25. Be3 Rab8 26. Qd3 Ne7 27. Nb5 Rxc1 28. Rxc1
Nexd5 29. exd5 e4 30. Qe2 exf3 31. Qxf3 Rc8 32. Rc6 Ne8 33. Bf4 Be7 34. Qe4 Nf6
35. Rxc8+ Qxc8 36. Qxe7 Nxd5 37. Qxd6 Nc3 38. Nxc3 Qxc3 39. Be3 Qa1 40. Qd8+ Kh7
41. Qxa5 1-0

[Event "ch-RUS Rapid Women 2017"]
[Site "Sochi RUS"]
[Date "2017.09.30"]
[Round "2.16"]
[White "Miroshnik, Ekaterina"]
[Black "Pogonina, Natalija"]
[Result "1/2-1/2"]
[WhiteTitle "WFM"]
[BlackTitle "WGM"]
[WhiteElo "2006"]
[BlackElo "2466"]
[WhiteFideId "34127698"]
[BlackFideId "4147855"]
[EventDate "2017.09.30"]

1. d4 Nf6 2. c4 e6 3. Nf3 d5 4. Nc3 Nbd7 5. e3 a6 6. Bd3 b6 7. cxd5 exd5 8. O-O
Bb7 9. b3 Bd6 10. Bb2 O-O 11. Ne2 Ne4 12. Ne5 f6 13. Nf3 Qe7 14. Nd2 f5 15. Nf4
g5 16. Nh5 Qf7 17. Nxe4 dxe4 18. Bc4 Bd5 19. Bxd5 Qxd5 20. Qc2 b5 21. f4 g4 22.
Ng3 b4 23. Qc4 Nb6 24. Qxd5+ Nxd5 25. Kf2 Kg7 26. a4 Kf6 27. Rac1 Ke6 28. Ke2
Rh8 29. Rg1 h5 30. Nf1 Rhc8 31. Nd2 h4 32. Rgf1 g3 33. h3 Ne7 34. Nc4 Kd5 35.
Rc2 Rab8 36. Rfc1 Ke6 37. Ba1 Kd5 38. Bb2 Ra8 39. Ba1 Rab8 40. Ke1 1/2-1/2

[Event "ch-RUS Rapid Women 2017"]
[Site "Sochi RUS"]
[Date "2017.09.30"]
[Round "3.1"]
[White "Voit, Daria"]
[Black "Ubiennykh, Ekaterina"]
[Result "1/2-1/2"]
[WhiteTitle "FM"]
[BlackTitle "WIM"]
[WhiteElo "2387"]
[BlackElo "2308"]
[WhiteFideId "4182146"]
[BlackFideId "4137582"]
[EventDate "2017.09.30"]

1. d4 d5 2. c4 e6 3. Nf3 Nf6 4. g3 dxc4 5. Bg2 a6 6. O-O Nc6 7. Nc3 Bd7 8. Ne5
Be7 9. Nxc6 Bxc6 10. Bxc6+ bxc6 11. Qa4 O-O 12. Qxc4 Nd5 13. Qxc6 Nb4 14. Qe4 c5
15. Rd1 Nd5 16. Nxd5 exd5 17. Qf3 c4 18. e4 dxe4 19. Qxe4 Bf6 20. Be3 Re8 21.
Qc6 Qb8 22. Rab1 Qb4 23. Rdc1 Rec8 24. Qd5 Rab8 25. b3 c3 26. Qe4 Rb6 27. Rc2 g6
28. Rbc1 Rbc6 29. Qd3 h5 30. h4 a5 31. Rd1 Rd8 32. Rdc1 Bxd4 33. Bxd4 Rxd4 34.
Qf3 Qd6 35. Rxc3 Rxc3 36. Rxc3 Kg7 37. Rc8 Rd3 38. Qa8 Qd4 39. Kg2 Rd2 40. Qf3
Rxa2 41. Rc4 Qb6 42. Rc8 Rxf2+ 43. Qxf2 Qb7+ 44. Kh2 Qxc8 45. Qd4+ Kh7 46. Qd5
Qc2+ 47. Kg1 Qf5 48. Qc4 Qe6 49. Qb5 Qe1+ 50. Kg2 Qc3 51. Qd5 Kg7 52. Qd1 Qb2+
53. Kg1 Qe5 54. Kg2 Qe4+ 55. Kh2 Qe5 1/2-1/2

[Event "ch-RUS Rapid Women 2017"]
[Site "Sochi RUS"]
[Date "2017.09.30"]
[Round "3.2"]
[White "Nechaeva, Marina"]
[Black "Drozdova, Dina"]
[Result "0-1"]
[WhiteTitle "IM"]
[BlackTitle "WIM"]
[WhiteElo "2431"]
[BlackElo "2223"]
[WhiteFideId "4149351"]
[BlackFideId "4170695"]
[EventDate "2017.09.30"]

1. d4 g6 2. c4 Bg7 3. Nf3 d6 4. g3 Nf6 5. Bg2 O-O 6. O-O c6 7. Nc3 Qa5 8. e4 Bg4
9. a3 Nbd7 10. b4 Qc7 11. Be3 a5 12. Qd3 Bxf3 13. Bxf3 Rfc8 14. Be2 Qd8 15. b5
c5 16. d5 Ne5 17. Qd1 h5 18. h3 Ned7 19. Rc1 Nf8 20. f4 N6d7 21. Kg2 Qc7 22. Bd3
e6 23. dxe6 Nxe6 24. Nd5 Qd8 25. f5 Nd4 26. f6 Nxf6 27. Bg5 Nxd5 28. Bxd8 Ne3+
29. Kh2 Nxd1 0-1

[Event "ch-RUS Rapid Women 2017"]
[Site "Sochi RUS"]
[Date "2017.09.30"]
[Round "3.3"]
[White "Ambartsumova, Karina"]
[Black "Kashlinskaya, Alina"]
[Result "0-1"]
[WhiteTitle "WGM"]
[BlackTitle "IM"]
[WhiteElo "2359"]
[BlackElo "2446"]
[WhiteFideId "4166299"]
[BlackFideId "4198026"]
[EventDate "2017.09.30"]

1. d4 Nf6 2. Nf3 d5 3. e3 e6 4. Bd3 b6 5. O-O Bb7 6. Nbd2 Bd6 7. b3 O-O 8. Bb2
Ne4 9. c4 Nd7 10. Qe2 a6 11. Rfd1 f5 12. Ne5 Qe8 13. Nxd7 Qxd7 14. Nf3 Qe7 15.
Rac1 a5 16. Ne5 a4 17. f3 Bxe5 18. dxe5 Nc5 19. b4 Nxd3 20. Qxd3 a3 21. Bc3 Rfd8
22. c5 bxc5 23. bxc5 Qxc5 24. Bd4 Qe7 25. Bc5 Qe8 26. Rd2 Ba6 27. Qxa3 Bc4 28.
Qc3 Bxa2 29. Rb2 Bc4 30. Rcb1 Ra4 31. Rb4 Rda8 32. Rxa4 Qxa4 33. Qb4 Qc2 34. Qb7
Ra6 35. Qc8+ Kf7 36. Re1 Bb5 37. Qxc7+ Kg6 38. Qe7 h6 39. Kh1 Kh7 40. Rg1 Ra2
41. Qxe6 Bf1 0-1

[Event "ch-RUS Rapid Women 2017"]
[Site "Sochi RUS"]
[Date "2017.09.30"]
[Round "3.4"]
[White "Girya, Olga"]
[Black "Bivol, Alina"]
[Result "1/2-1/2"]
[WhiteTitle "WGM"]
[BlackTitle "WGM"]
[WhiteElo "2505"]
[BlackElo "2375"]
[WhiteFideId "4195752"]
[BlackFideId "4100123"]
[EventDate "2017.09.30"]

1. d4 Nf6 2. c4 g6 3. Nc3 Bg7 4. e4 d6 5. Be2 O-O 6. Be3 a5 7. g4 Nfd7 8. Qd2
Nc6 9. Nf3 e5 10. d5 Nd4 11. Nxd4 exd4 12. Bxd4 Ne5 13. h3 c5 14. dxc6 bxc6 15.
f4 c5 16. Bf2 Nc6 17. Nb5 Qe7 18. Qxd6 Qxe4 19. Qd5 Re8 20. Qxe4 Rxe4 21. Bxc5
Be6 22. Nd6 Rxf4 23. Be3 Bxb2 24. Rb1 Bc3+ 25. Kd1 Be5 26. Bxf4 Bxf4 27. Bf3 Rd8
28. Bxc6 Bxc4 29. Kc2 Rxd6 30. Be4 Rd4 31. Rhe1 Bxa2 32. Rb5 a4 33. Bd3 Bb3+ 34.
Kc3 Rd7 35. Re4 Bg3 36. Bc4 Rc7 37. Rb8+ Kg7 38. Ra8 Bh4 39. Kd3 Rd7+ 40. Rd4
Bc2+ 41. Kxc2 Rxd4 42. Rxa4 Rf4 43. Kd3 Rf3+ 44. Ke4 Rxh3 45. Ra7 Rg3 46. Rxf7+
Kh6 47. Be6 Bg5 1/2-1/2

[Event "ch-RUS Rapid Women 2017"]
[Site "Sochi RUS"]
[Date "2017.09.30"]
[Round "3.5"]
[White "Charochkina, Daria"]
[Black "Gritsayeva, Oksana"]
[Result "0-1"]
[WhiteTitle "IM"]
[BlackTitle "WFM"]
[WhiteElo "2339"]
[BlackElo "2373"]
[WhiteFideId "4180917"]
[BlackFideId "14104652"]
[EventDate "2017.09.30"]

1. d4 Nf6 2. Bf4 d5 3. e3 c6 4. c3 Bf5 5. h3 e6 6. g4 Be4 7. f3 Bg6 8. h4 h5 9.
g5 Ng8 10. Bd3 Bxd3 11. Qxd3 Bd6 12. Ne2 Ne7 13. Nd2 Ng6 14. Bxd6 Qxd6 15. f4
Nd7 16. O-O-O Ne7 17. Nf3 g6 18. Ne5 Nf5 19. Ng1 Nxe5 20. fxe5 Qc7 21. Ne2 O-O-O
22. Kb1 Qa5 23. e4 dxe4 24. Qxe4 Rd7 25. Rh3 Qd5 26. Qd3 Rhd8 27. Nf4 Qa5 28.
Qe4 Kc7 29. Rhd3 Qb5 30. R3d2 a5 31. Nd3 Qd5 32. Qe1 b6 33. Nf4 Qf3 34. Rf2 Qe3
35. Qf1 Qe4+ 36. Rd3 c5 37. Re2 Qc6 38. d5 Rxd5 39. Nxd5+ Rxd5 40. Red2 c4 41.
Rxd5 exd5 42. Qf4 Kd7 43. Rd1 Ke6 44. Qf3 Qc5 45. a3 b5 46. Qe2 Qe3 47. Qg2 Qe4+
48. Qxe4 dxe4 49. Rd8 Kxe5 50. Rb8 Nxh4 51. Rxb5+ Kf4 52. Rc5 Nf3 53. Kc1 h4 54.
Rc7 h3 55. Rxf7+ Kg3 56. Rh7 h2 57. Rxh2 Nxh2 58. b4 cxb3 59. c4 Kf4 0-1

[Event "ch-RUS Rapid Women 2017"]
[Site "Sochi RUS"]
[Date "2017.09.30"]
[Round "3.6"]
[White "Maltsevskaya, Aleksandra"]
[Black "Goryachkina, Aleksandra"]
[Result "0-1"]
[BlackTitle "WGM"]
[WhiteElo "2271"]
[BlackElo "2478"]
[WhiteFideId "24174041"]
[BlackFideId "4147103"]
[EventDate "2017.09.30"]

1. e4 Nf6 2. e5 Nd5 3. c4 Nb6 4. d4 d6 5. exd6 cxd6 6. Nc3 g6 7. Be3 Bg7 8. Rc1
O-O 9. b3 f5 10. d5 e5 11. dxe6 Bxe6 12. Nf3 Nc6 13. Nd4 Bf7 14. Be2 Nc8 15. O-O
Qf6 16. Ndb5 f4 17. Bd2 g5 18. Nc7 Rb8 19. N3d5 Qh6 20. Bc3 Ne5 21. Bg4 Kh8 22.
h3 Nb6 23. Nxb6 axb6 24. Re1 Qg6 25. Nd5 h5 26. Bf3 g4 27. hxg4 hxg4 28. Be4 Qg5
29. Kf1 g3 30. f3 Rbe8 31. Qd2 Bg6 32. Bxg6 Qxg6 33. Re4 Qh5 34. Nxf4 Rxf4 35.
Qxf4 Qh1+ 36. Ke2 Qxg2+ 37. Kd1 Qf1+ 38. Kc2 Qd3+ 39. Kb2 g2 40. Qh2+ Kg8 41.
Qxg2 b5 42. Rg1 Nxc4+ 43. Rxc4 Re2+ 44. Ka3 Rxg2 45. Rc8+ Kh7 46. Rxg2 Bxc3 47.
Ra8 b4+ 48. Ka4 Qxf3 49. Rh2+ Kg7 50. Rhh8 Qc6+ 51. Ka5 Qc5+ 52. Ka4 Kg6 53.
Rhg8+ Bg7 54. Rac8 Qb6 55. Rgd8 Bc3 56. Rg8+ Kh7 57. Ra8 Qc6+ 58. Ka5 Bd4 59.
Rgc8 Qb6+ 60. Ka4 d5 61. Ra5 Bc3 62. Rcc5 Qe6 63. Rc7+ Kg6 64. Ra8 Qe2 65. Rg8+
Kf5 66. Rf8+ Bf6 67. Rcf7 Qxa2+ 68. Kxb4 Qd2+ 69. Kc5 Qd4+ 70. Kd6 Qe5+ 71. Kc5
d4+ 72. Kc4 Qe6+ 73. Kb4 Qd6+ 74. Kc4 Qc6+ 75. Kd3 Qc3+ 76. Ke2 Qb2+ 77. Ke1
Qc1+ 78. Ke2 Qe3+ 79. Kf1 Qe5 80. Kf2 Kg6 81. Rxf6+ Qxf6+ 82. Rxf6+ Kxf6 83. Ke2
Ke5 84. Kd3 Kd5 85. Kd2 Kc5 86. Kd3 b6 87. Kd2 Kb4 88. Kc2 b5 0-1

[Event "ch-RUS Rapid Women 2017"]
[Site "Sochi RUS"]
[Date "2017.09.30"]
[Round "3.7"]
[White "Travkina, Anastasia"]
[Black "Bodnaruk, Anastasia"]
[Result "0-1"]
[WhiteTitle "WFM"]
[BlackTitle "IM"]
[WhiteElo "2221"]
[BlackElo "2432"]
[WhiteFideId "24129151"]
[BlackFideId "4181751"]
[EventDate "2017.09.30"]

1. e4 c5 2. Nf3 d6 3. d4 cxd4 4. Nxd4 Nf6 5. Nc3 a6 6. Bg5 Nbd7 7. f4 Qc7 8. Qf3
e6 9. O-O-O b5 10. e5 Bb7 11. Qh3 dxe5 12. Nxe6 fxe6 13. Qxe6+ Be7 14. Bxb5 axb5
15. Nxb5 Qc6 16. Nd6+ Kd8 17. fxe5 Nd5 18. Bxe7+ Nxe7 19. Nxb7+ Qxb7 20. Rxd7+
Qxd7 21. Rd1 Qxd1+ 22. Kxd1 Ke8 23. b4 Rf8 24. b5 Rf1+ 25. Ke2 Rb1 26. Qc4 Rc8
27. Qa4 Rc5 28. b6+ Kf7 29. Qf4+ Ke6 30. Qg4+ Nf5 31. Qh5 Rxe5+ 32. Kd2 Rxb6 33.
Qe8+ Ne7 34. Qf8 Rd6+ 35. Kc1 g6 36. Qg7 h5 37. Qh6 Rc6 38. Qd2 Rec5 39. Qe3+
Kd7 40. Qd4+ Kc7 41. Qf4+ Kb7 42. Qb4+ Kc8 43. Qe4 Rxc2+ 44. Kb1 R2c5 45. a4 Nd5
46. Qe8+ Kc7 47. Qe5+ Kb7 48. Qg7+ Ka6 49. h3 Rb6+ 50. Ka2 Nb4+ 51. Kb2 Nd3+ 52.
Ka3 Ne5 53. Ka2 Rc2+ 54. Ka1 Nc4 55. Qh6 Rd6 56. Kb1 Na3+ 0-1

[Event "ch-RUS Rapid Women 2017"]
[Site "Sochi RUS"]
[Date "2017.09.30"]
[Round "3.8"]
[White "Nebolsina, Vera"]
[Black "Vasilevich, Tatjana"]
[Result "0-1"]
[WhiteTitle "WGM"]
[BlackTitle "IM"]
[WhiteElo "2220"]
[BlackElo "2360"]
[WhiteFideId "4163591"]
[BlackFideId "14101610"]
[EventDate "2017.09.30"]

1. e4 c5 2. Nf3 a6 3. g3 e6 4. d3 Nc6 5. Bg2 g6 6. O-O Bg7 7. Re1 Nge7 8. Nbd2
O-O 9. Nf1 b5 10. h4 Bb7 11. h5 Qc7 12. Bf4 e5 13. Be3 Nd4 14. Nh4 d5 15. c3 Ne6
16. Qc1 f5 17. hxg6 hxg6 18. exd5 Nxd5 19. Nxg6 f4 20. Nxf8 Rxf8 21. Bd2 Qf7 22.
Be4 Ng5 23. g4 Nf6 24. Qd1 Nfxe4 25. dxe4 Bxe4 26. Rxe4 Nxe4 27. Qe2 Ng5 28. f3
e4 29. Nh2 Re8 30. Re1 Re6 31. Qf1 e3 32. Bc1 Rd6 33. a4 c4 34. axb5 axb5 35.
Qe2 Rd3 36. Rf1 Qd5 37. Qe1 Bf6 38. Kg2 Kg7 39. Rh1 b4 40. cxb4 c3 41. Qe2 cxb2
42. Qc2 bxc1=Q 43. Qxc1 Rd2+ 0-1

[Event "ch-RUS Rapid Women 2017"]
[Site "Sochi RUS"]
[Date "2017.09.30"]
[Round "3.9"]
[White "Tomilova, Elena"]
[Black "Potapova, Margarita"]
[Result "1-0"]
[WhiteTitle "WIM"]
[BlackTitle "WFM"]
[WhiteElo "2307"]
[BlackElo "2187"]
[WhiteFideId "4162340"]
[BlackFideId "14126869"]
[EventDate "2017.09.30"]

1. c4 Nf6 2. g3 e6 3. Nf3 d5 4. b3 d4 5. e3 c5 6. exd4 cxd4 7. Bg2 Nc6 8. O-O
Be7 9. d3 O-O 10. Na3 Ne8 11. Nc2 e5 12. b4 f6 13. Rb1 a5 14. b5 Nb8 15. Nh4 g5
16. Nf3 Ng7 17. Re1 Nd7 18. Nd2 Nc5 19. Ne4 Nge6 20. Ba3 Nxe4 21. Bxe4 Bxa3 22.
Nxa3 Qe7 23. Nc2 Nc5 24. Bd5+ Be6 25. Bg2 Qg7 26. Na1 Qg6 27. Nb3 Nxd3 28. Be4
Bf5 29. Qxd3 Bxe4 30. Qxe4 Qg7 31. Nc5 Rfe8 32. Nxb7 d3 33. Nd6 Red8 34. Qd5+
Kf8 35. c5 1-0

[Event "ch-RUS Rapid Women 2017"]
[Site "Sochi RUS"]
[Date "2017.09.30"]
[Round "3.10"]
[White "Pogonina, Natalija"]
[Black "Komiagina, Maria"]
[Result "1-0"]
[WhiteTitle "WGM"]
[BlackTitle "WIM"]
[WhiteElo "2466"]
[BlackElo "2234"]
[WhiteFideId "4147855"]
[BlackFideId "4153987"]
[EventDate "2017.09.30"]

1. d4 Nf6 2. Nf3 d5 3. c4 e6 4. g3 Bb4+ 5. Bd2 Be7 6. Bg2 O-O 7. O-O c6 8. Qc2
Nbd7 9. b3 b6 10. Rd1 Bb7 11. Nc3 Rc8 12. e4 dxe4 13. Nxe4 c5 14. Nxf6+ Bxf6 15.
Ng5 Bxg5 16. Bxb7 Rc7 17. Be4 f5 18. Bg2 cxd4 19. Bxg5 Qxg5 20. Rxd4 e5 21. Rd5
Qe7 22. Re1 e4 23. f3 Qb4 24. Red1 Nf6 25. Rxf5 Rc5 26. fxe4 Rxf5 27. exf5 Ng4
28. Bd5+ Kh8 29. Qe4 h5 30. Be6 Qa3 31. h3 Nf6 32. Qe2 Qc5+ 33. Kg2 Qc7 34. Qe3
Qc6+ 35. Qf3 Qc7 36. g4 Nh7 37. g5 Nxg5 38. Qxh5+ Nh7 39. Rd4 Qe5 40. Qxh7+ 1-0